Things that Dr. McCoy is not Quiz Stats

 Plays Quiz not verified by Sporcle

Challenge
Share
Tweet
Embed
Score 0/12 Timer 04:00
0 Plays Today
Episode/Movie Title Thing that McCoy isn't % Correct
The Devil in the DarkBricklayer
75%
MetamorphosisScientist
58.3%
Mirror, MirrorEngineer
58.3%
The Doomsday Machine / The EmpathMechanic
50%
The City on the Edge of ForeverPsychiatrist
41.7%
The Corbomite ManeuverMoon-shuttle Conductor
33.3%
Metamorphosis / Star Trek (2009)Physicist
33.3%
Friday's ChildEscalator
33.3%
The Deadly YearsMagician
33.3%
The EmpathCoal Miner
33.3%
Return to TomorrowPeddle Flesh
16.7%
Star Trek Into DarknessTorpedo Technician
16.7%

You're not logged in!

Compare scores with friends on all Sporcle quizzes.
Join for Free
OR
Log In

You Might Also Like...

Show Comments

Extras

Top Quizzes Today


Score Distribution

Your Account Isn't Verified!

In order to create a playlist on Sporcle, you need to verify the email address you used during registration. Go to your Sporcle Settings to finish the process.

Report this User

Report this user for behavior that violates our Community Guidelines.

Details: